| 000 | 00601nam a22001817a 4500 | ||
|---|---|---|---|
| 005 | 20160927150248.0 | ||
| 010 | _aENG-116115 | ||
| 020 |
_a9788192349527 _c450.00 |
||
| 035 | _aEN-99468 | ||
| 037 | _bDBAD/PUB | ||
| 082 | _a301.0954 | ||
| 100 | _aPandey,Vinita | ||
| 245 |
_aIndian Society : _bissues,policies and walfare schemes / _cby Vinita Pandey |
||
| 260 |
_aHydrabad _bBSC Publishers & Distributtors _c2016 |
||
| 270 |
_aK.D. House,3-5-121/E/1/16,Near Shalimar Fauntion Hall _bHydrabad _e500001 |
||
| 300 |
_avarious pagings _c24cm(pbk) |
||
| 942 |
_2ddc _cEN _h301.0954 _mPAN |
||
| 999 |
_c103685 _d103685 |
||